00880nam a2200193Ia 4500003000400000005001700004008004100021040002100062041000800083082002800091100003100119245007900150260004200229300002900271505027200300650003500572650001800607651006100625OSt20201014112204.0191128t1981 ck gr 000 0 spa|d aCO-JMCRcCO-JMCR0 aspa04a986.10351 /bG216c 2231 aGarcía, Antonio, eautor14aLos comuneros en la pre-revolución de independencia / cAntonio García aBogotá : bPlazas & Janes, c©1981 a238 páginas ; c20 cm.0 aLa insurrección de los comuneros en la pre-revolución de independencia -- La onda insurreccional de américa en el siglo XVIII -- El pueblo en la pre-revolución de independencia -- Dialéctica de la insurrección comunera: los alcances del proceso insurrecci14aInsurreccion de los comuneros 14aLos comuneros 4aColombiaxhistoria-aspectos políticos y socialesy1781